Culture Générale - Série 1976 - Statistiques

Statistiques générales
  • Ce quiz a été pris 88 fois
  • Le résultat moyen est 4 sur 10
Statistiques - réponses
Question Réponse % Correct
Quelle est la couleur "nacarat" ? rouge
71%
Dans quel pays européen se trouve la ville de Saint-Gall ? Suisse
55%
Sous quel nom connaissait-on mieux Élisabeth Amélie Eugénie de Wittelsbach (1837-1898) ? Sissi
52%
Dans quel département français se trouve la commune d'Aléria ? Haute Corse
46%
De quel pays est originaire le chant funèbre appelé "thrène" ? Grèce
45%
Ecolo des années 1970 en 2 mots baba cool
39%
Quelle était la profession de Paul Bert, en dehors de la politique (1833-1886) ? voir photo médecin
36%
Au Moyen-Age, quelle sorte d'arme était la "targe" ? bouclier
10%
Dans quelle région d'Italie se trouve la ville portuaire de Pesaro ? Marches
8%
Coupure encaissée perpendiculaire, dans une chaîne de montagnes cluse
2%
Aucun quiz correspondant
Distribution des résultats
% des personnes avec chaque résultat
Percentile par nombre de réponses
Votre historique - résultats
Vous n’avez pas pris ce quiz